Carregant...

Conservatism /

Dades bibliogràfiques
Autor principal: Viereck, Peter
Format: Printed Book
Idioma:English
Publicat: New Jersy : D Van Nostrand, 1956.
LEADER 00416nam a2200121Ia 4500
008 150624b xxu||||| |||| 00| 0 eng d
082 |a 320.52 
100 |a Viereck, Peter 
245 |a Conservatism /  |c Peter Viereck 
260 |a New Jersy :  |b D Van Nostrand,  |c 1956. 
942 |c BK 
999 |c 61806  |d 61806 
952 |0 0  |1 0  |4 0  |6 320_520000000000000_VIE_C  |7 0  |9 61783  |a UL  |b UL  |c SEC  |d 2012-10-27  |l 0  |o 320.52 VIE/C  |p D835  |r 2012-10-27  |w 2012-10-27  |y BK